00669nam a2200205Ia 4500001000700000008004100007020002200048082001500070100001500085245007800100260005800178300001600236503006200252504002700314650001100341650002800352650002200380650002500402650003600427Z_6908220601s9999 xx 000 0 und d a978-1-907284-47-2 a636.41 G33 aGadd, John aModern pig production technology: a practical guide to profit / John Gadd aNottingham, Reino Unido : Nottingham University Press axvi, 596 p. aej.1: consumo \ ej.2: consumo \ ej.3: consumo (zootecnia) aIncluye bibliografía 0aCerdos aProducción de cerdos  aCerdos -- Cría  aProducción animal  aTecnología de producciónÌ